00706nam a2200241 a 4500001001300000003000900013005001700022008004100039020001200080082001300092100002000105245004400125260004000169300000900209500003500218505001000253650002700263700002000290902000800310942000700318952012200325999001700447nice12345678IN_TiNIC20260116013606.0050524s1965 lona grp 000 0 eng  ac502.500a200bDUR aDurkheim, Emile aElementary Forms of the Religious Life. aLondonbFree Press of Glencoec1965 a507p aincludes index and biblioraphy2 aIndex aReligion and Sociology1 aDurkheim, Emile bSRS cBK 00104070aHMIbHMId2012-03-16g502.50l21m4o200 DURp015142q2026-02-24r2026-02-10s2026-02-10w2026-01-16yEB c11582d11582